banner

Medicina legal y toxicología / (Registro nro. 635)

000 -LEADER
fixed length control field 01257nam a2200289 a 4500
003 - CONTROL NUMBER IDENTIFIER
control field AR-BaISA
005 - DATE AND TIME OF LATEST TRANSACTION
control field 20190826105459.0
007 - PHYSICAL DESCRIPTION FIXED FIELD--GENERAL INFORMATION
fixed length control field ta
008 - FIXED-LENGTH DATA ELEMENTS--GENERAL INFORMATION
fixed length control field 190123s2019 sp ad | |||| 001 0 spa d
020 ## - INTERNATIONAL STANDARD BOOK NUMBER
International Standard Book Number 9788491130963
020 ## - INTERNATIONAL STANDARD BOOK NUMBER
International Standard Book Number 9788491131243
Qualifying information eISBN
040 ## - CATALOGING SOURCE
Transcribing agency AR-BaISA
082 ## - DEWEY DECIMAL CLASSIFICATION NUMBER
Edition number 22
Classification number 615.9 G448
130 0# - MAIN ENTRY--UNIFORM TITLE
Uniform title Medicina legal y toxicología
245 10 - TITLE STATEMENT
Title Medicina legal y toxicología /
Statement of responsibility, etc. Editado por Enrique Villanueva Cañadas
250 ## - EDITION STATEMENT
Edition statement 7ª ed.
260 ## - PUBLICATION, DISTRIBUTION, ETC.
Place of publication, distribution, etc. Barcelona:
Name of publisher, distributor, etc. Elsevier,
Date of publication, distribution, etc. 2019
300 ## - PHYSICAL DESCRIPTION
Extent X, 1466 p.:
Other physical details il., graf.;
Dimensions 28 cm.
504 ## - BIBLIOGRAPHY, ETC. NOTE
Bibliography, etc. note Bibliografía al final de cada capítulo
504 ## - BIBLIOGRAPHY, ETC. NOTE
Bibliography, etc. note Índice p: 1435-1466
505 ## - FORMATTED CONTENTS NOTE
Title INTRODUCCIÓN --
-- DERECHO MÉDICO --
-- MEDICINA LEGAL TANATOLÓGICA --
-- MEDICINA LEGAL LABORAL Y DEPORTIVA --
-- MEDICINA LEGAL SEXOLÓGICA Y DE LA REPRODUCCIÓN --
-- MEDICINA LEGAL DEL RECIÉN NACIDO Y DE LA INFANCIA --
-- TOXICOLOGÍA --
-- TOXICOLOGÍA ESPECIAL --
-- PSIQUIATRÍA FORENSE GENERAL --
-- PSIQUIATRÍA FORENSE ESPECIAL --
-- MEDICINA LEGAL PENITENCIARIA --
-- IDENTIFICACIÓN
650 14 - SUBJECT ADDED ENTRY--TOPICAL TERM
Topical term or geographic name entry element Medicina legal
9 (RLIN) 399
650 14 - SUBJECT ADDED ENTRY--TOPICAL TERM
Topical term or geographic name entry element Toxicología
9 (RLIN) 1521
700 1# - ADDED ENTRY--PERSONAL NAME
Personal name Gisbert Calabuig, Juan Antonio
Relator term aut.
9 (RLIN) 1522
700 1# - ADDED ENTRY--PERSONAL NAME
Personal name Villanueva Cañadas, Enrique
Relator term ed.
9 (RLIN) 1523
942 ## - ADDED ENTRY ELEMENTS (KOHA)
Source of classification or shelving scheme
Koha item type Libros
Existencias
Withdrawn status Lost status Source of classification or shelving scheme Damaged status Not for loan Permanent Location Current Location Date acquired Inventory number Full call number Barcode Date last seen Price effective from Koha item type
          Biblioteca ISALUD. Dr. Néstor Rodríguez Campoamor Biblioteca ISALUD. Dr. Néstor Rodríguez Campoamor 2019-08-26 4053 615.9 G448 4053 2019-08-26 2019-08-26 Libros